Sabrina Carpenter SC2 Album Antonym Quiz - Statistics

General Stats
  • This quiz has been taken 70 times
  • The average score is 5 of 9
Answer Stats
Antonym Song Title % Correct
Pinkies Thumbs
85%
Do want it forth Don’t Want it Back
72%
One of the things we don’t have is not hate All We Have is Love
70%
Walk or flaunt Run and Hide
68%
Brightness Shadows
68%
Tastes hate popularity Feels Like Loneliness
63%
Close Space
55%
Obvious Mirage
48%
Off Accident One Purpose
10%
No matching quizzes found
Score Distribution
Percent of People with Each Score
Percentile by Number Answered
Your Score History
You have not taken this quiz